Statistics for Minecraft Trivia

Click here to take the quiz!

General Stats

  • This quiz has been taken 94 times
  • The average score is 6 of 15

Answer Stats

HintAnswer% Correct
Flower dropped from Iron golemsPoppy
91%
Variant of piston that pulls back blocks when retractingSticky Piston
82%
Flower dropped when a mob is killed by The WitherWither Rose
72%
Unique drop from buried treasureHeart of the Sea
62%
Mob able to spawn with status (potion) effectsSpider
50%
Mob that attacks Elder Guardians, Glow Squids and FishAxolotl
46%
Tree type found above lush cavesAzalea
46%
Mob afraid of respawn anchorsHoglin
44%
The only two naturally generating structures to contain redstone torchesAncient City
33%
Block generating in woodland mansions, end cities, pillager outposts and villages, that is NOT chestsBanner
24%
The only two naturally generating structures to contain redstone torchesIgloo
21%
Variant of netherrack in warped and crimson forestsNylium
20%
Item used to breed rabbits, other than carrots and golden carrotsDandelion
18%
Food item providing the least saturationPufferfish/Tropical Fish
18%
Food item providing the most saturationSuspicious Stew
13%

Score Distribution

Percentile by Number Answered

Percent of People with Each Score

Your Score History

You have not taken this quiz